000 00211nam a2200097Ia 4500
008 190216s9999||||xx |||||||||||||| ||und||
100 _aNull
245 0 _aHindi-Thuhme Saugand Hein
260 _bNull
942 _cBK
999 _c18462
_d18462